| 000 | 01102nas a2200349 4500 | ||
|---|---|---|---|
| 001 | BR0700237 | ||
| 003 | BR-BrBNA | ||
| 005 | 20231205110501.0 | ||
| 007 | ta | ||
| 008 | 230509b bl.|||p| |||| 00| 00por d | ||
| 040 |
_aBR-BrBNA _bpor _cBiblioteca Nacional de Agricultura |
||
| 041 | _a(Pt) | ||
| 072 | _aL10; L53 | ||
| 100 | 1 | _aAzevedo, C.f. de | |
| 100 | 1 | _aMoura, A. de A.A. | |
| 100 | 1 | _aLôbo, R.N.B. | |
| 100 | 1 | _aModesto, E.C. | |
| 100 | 1 | _aMartins Filho, R. | |
| 245 | 1 | _aAvaliação de fatores não genéticos sobre caracteristicas de peso em bovinos Nelore e Guzerá no Estado do Rio Grande do Norte | |
| 650 | _aGADO NELORE | ||
| 650 | _aGADO GUZERÁ | ||
| 650 | _aPESO AO NASCER | ||
| 650 | _aCONDIÇÃO CORPORAL | ||
| 650 | _aDESMAMA | ||
| 650 | _aMÉTODO ESTATÍSTICO | ||
| 650 | _aPARÂMETRO GENÉTICO | ||
| 650 | _aCONDIÇÃO AMBIENTAL | ||
| 650 | _aRIO GRANDE DO NORTE | ||
| 773 | 0 |
_tRevista Ciência Agronômica (Brazil) _xISSN 0045-6888 _g(May-Aug 2005), v. 36(2) p. 227-236 _wBR0700237 |
|
| 909 |
_a202311 _bLúcia _c55 _dLúcia Elande |
||
| 942 |
_2AGRIS _n0 _cANA |
||
| 999 |
_c187595 _d187595 |
||